000 00944nam a22003017a 4500
001 BR0105010
003 BR-BrBNA
005 20230928100956.0
007 ta
008 230509b bl.||||| |||| 00| 0 por d
040 _aBR-BrBNA
_bpor
_cBiblioteca Nacional de Agricultura
041 _a(Por)
072 _aF60; L50
_b3730
_b3820
090 _ 3730 BR0105010
100 1 _aOliveira, C.R. de
110 1 _aCentro de Energia Nuclear na Agricultura, Piracicaba, SP (Brasil)
_0Tese (Mestre em Ciencias)
245 1 _aSintese de alanina e glicina com elevado enriquecimento no isotopo 15N
260 3 _aPiracicaba, SP (Brasil):
_c2001.
300 _a75 p.
500 _aSummaries (Eng, Por); Bibliography p. 69-75; 8 tables; 28 illus.
650 _aAminoacido
650 _aNitrogenio
650 _aCromatografia
650 _aAnalise Quimica
650 _aComposto Organico
909 _a202309
_bLucia
_c55
_dLucia Elande
942 _cBK
999 _c63673
_d63673